000 00486nam a2200181Ia 4500
005 20250326125437.0
008 250326s9999 xx 000 0 und d
037 _aTextbook
040 _aFMSL
_beng
_cFMSL
041 _aeng
_2eng
084 _aY(X:75) L0
_qFMSL
100 _aDennis N
_9739092
245 0 _aPeople and planning
_cDennis N
260 _aLondon
_bLondon, Faber And Faber
_c1970
300 _a392p
942 _cTB
_hY(X:75) L0
999 _c1278086
_d1278086